| 000 | 00629nam a2200157 a 4500 | ||
|---|---|---|---|
| 008 | 081202s2007 ||||||||||||||||| || u | ||
| 020 | _a9780821374054 | ||
| 050 | _aIBRD(058)WBRP | ||
| 110 | _aWorld Bank | ||
| 245 | 1 | 4 | _aThe World Bank research program 2005-2007: abstracts of current studies |
| 260 |
_aWashington, D.C. _bWorld Bank _c2007 |
||
| 300 | _aiii, 277p.: ill | ||
| 350 | _a0.00 | ||
| 650 | _aECONOMIC DEVELOPMENT--WORLD BANK--ABSTRACTS | ||
| 995 |
_D0.00 _FCBU-MAIN LIBRARY (Kitwe) _H1 _I0.00 _M1 _UAVAILABLE _WDec 9, 2008 _ZInternational Publications |
||
| 999 |
_c62026 _d62026 |
||